Verification and Evaluation of Computer and Communication Systems (Запис № 451278)

МАРК-запис
000 -LEADER
fixed length control field 04964nam a22006975i 4500
001 - CONTROL NUMBER
control field 978-3-319-66176-6
003 - CONTROL NUMBER IDENTIFIER
control field DE-He213
005 - DATE AND TIME OF LATEST TRANSACTION
control field 20210118143803.0
007 - PHYSICAL DESCRIPTION FIXED FIELD--GENERAL INFORMATION
fixed length control field cr nn 008mamaa
008 - FIXED-LENGTH DATA ELEMENTS--GENERAL INFORMATION
fixed length control field 170814s2017 gw | s |||| 0|eng d
020 ## - INTERNATIONAL STANDARD BOOK NUMBER
International Standard Book Number 9783319661766
-- 978-3-319-66176-6
024 7# - OTHER STANDARD IDENTIFIER
Standard number or code 10.1007/978-3-319-66176-6
Source of number or code doi
050 #4 - LIBRARY OF CONGRESS CALL NUMBER
Classification number QA76.9.A43
072 #7 - SUBJECT CATEGORY CODE
Subject category code UMB
Source bicssc
072 #7 - SUBJECT CATEGORY CODE
Subject category code COM051300
Source bisacsh
072 #7 - SUBJECT CATEGORY CODE
Subject category code UMB
Source thema
082 04 - DEWEY DECIMAL CLASSIFICATION NUMBER
Classification number 005.1
Edition number 23
245 10 - TITLE STATEMENT
Title Verification and Evaluation of Computer and Communication Systems
Medium [electronic resource] :
Remainder of title 11th International Conference, VECoS 2017, Montreal, QC, Canada, August 24–25, 2017, Proceedings /
Statement of responsibility, etc edited by Kamel Barkaoui, Hanifa Boucheneb, Ali Mili, Sofiène Tahar.
250 ## - EDITION STATEMENT
Edition statement 1st ed. 2017.
264 #1 -
-- Cham :
-- Springer International Publishing :
-- Imprint: Springer,
-- 2017.
300 ## - PHYSICAL DESCRIPTION
Extent XVI, 205 p. 76 illus.
Other physical details online resource.
336 ## -
-- text
-- txt
-- rdacontent
337 ## -
-- computer
-- c
-- rdamedia
338 ## -
-- online resource
-- cr
-- rdacarrier
347 ## -
-- text file
-- PDF
-- rda
490 1# - SERIES STATEMENT
Series statement Theoretical Computer Science and General Issues ;
Том/ позначення послідовності 10466
505 0# - FORMATTED CONTENTS NOTE
Formatted contents note Distributed computing models.- Formal languages and automata theory.- Concurrency.- Probabilistic computation --  Timed and hybrid models.- Formal software verification.- Model verification and validation.- Performance evaluation -- Control methods -- Modeling methodologies -- Model development and analysis -- Modeling and simulation.- Formal mehods.
520 ## - SUMMARY, ETC.
Summary, etc This book constitutes the proceedings of the 11th International Conference International Conference on Verification and Evaluation of Computer and Communication Systems ( VECoS 2017 ), held at Concordia University, Montreal, Canada, in August 2017. The 13 full papers, together with 3 abstracts in this volume were carefully reviewed and selected from 35 submissions. The aim of the VECoS conference is to bring together researchers and practitioners in the areas of verification, control, performance and dependability evalu-ation in order to discuss state-of-the-art and challenges in modern computer and communication systems in which functional and extra-functional properties are strongly in terrelated. Thus, the main motivation for VECoS is to encourage the cross-fertilization between various formal verification and evaluation approaches, methods and techniques, and especially those developed for concurrent and dis-tributed hardware/software systems.
506 ## - RESTRICTIONS ON ACCESS NOTE
Terms governing access Available to subscribing member institutions only. Доступно лише організаціям членам підписки.
506 ## - RESTRICTIONS ON ACCESS NOTE
Standardized terminology for access restriction Online access from local network of NaUOA.
506 ## - RESTRICTIONS ON ACCESS NOTE
Standardized terminology for access restriction Online access with authorization at https://link.springer.com/
506 ## - RESTRICTIONS ON ACCESS NOTE
Standardized terminology for access restriction Онлайн-доступ з локальної мережі НаУОА.
506 ## - RESTRICTIONS ON ACCESS NOTE
Standardized terminology for access restriction Онлайн доступ з авторизацією на https://link.springer.com/
650 #0 - SUBJECT ADDED ENTRY--TOPICAL TERM
Topical term or geographic name as entry element Algorithms.
650 #0 - SUBJECT ADDED ENTRY--TOPICAL TERM
Topical term or geographic name as entry element Software engineering.
650 #0 - SUBJECT ADDED ENTRY--TOPICAL TERM
Topical term or geographic name as entry element Operating systems (Computers).
650 #0 - SUBJECT ADDED ENTRY--TOPICAL TERM
Topical term or geographic name as entry element Programming languages (Electronic computers).
650 #0 - SUBJECT ADDED ENTRY--TOPICAL TERM
Topical term or geographic name as entry element Computer programming.
650 #0 - SUBJECT ADDED ENTRY--TOPICAL TERM
Topical term or geographic name as entry element Artificial intelligence.
650 14 - SUBJECT ADDED ENTRY--TOPICAL TERM
Topical term or geographic name as entry element Algorithm Analysis and Problem Complexity.
-- http://scigraph.springernature.com/things/product-market-codes/I16021
650 24 - SUBJECT ADDED ENTRY--TOPICAL TERM
Topical term or geographic name as entry element Software Engineering.
-- http://scigraph.springernature.com/things/product-market-codes/I14029
650 24 - SUBJECT ADDED ENTRY--TOPICAL TERM
Topical term or geographic name as entry element Operating Systems.
-- http://scigraph.springernature.com/things/product-market-codes/I14045
650 24 - SUBJECT ADDED ENTRY--TOPICAL TERM
Topical term or geographic name as entry element Programming Languages, Compilers, Interpreters.
-- http://scigraph.springernature.com/things/product-market-codes/I14037
650 24 - SUBJECT ADDED ENTRY--TOPICAL TERM
Topical term or geographic name as entry element Programming Techniques.
-- http://scigraph.springernature.com/things/product-market-codes/I14010
650 24 - SUBJECT ADDED ENTRY--TOPICAL TERM
Topical term or geographic name as entry element Artificial Intelligence.
-- http://scigraph.springernature.com/things/product-market-codes/I21000
700 1# - ADDED ENTRY--PERSONAL NAME
Personal name Barkaoui, Kamel.
Relator term editor.
-- (orcid)0000-0001-7175-0448
-- https://orcid.org/0000-0001-7175-0448
Relator code edt
-- http://id.loc.gov/vocabulary/relators/edt
700 1# - ADDED ENTRY--PERSONAL NAME
Personal name Boucheneb, Hanifa.
Relator term editor.
-- (orcid)0000-0001-9158-6374
-- https://orcid.org/0000-0001-9158-6374
Relator code edt
-- http://id.loc.gov/vocabulary/relators/edt
700 1# - ADDED ENTRY--PERSONAL NAME
Personal name Mili, Ali.
Relator term editor.
Relator code edt
-- http://id.loc.gov/vocabulary/relators/edt
700 1# - ADDED ENTRY--PERSONAL NAME
Personal name Tahar, Sofiène.
Relator term editor.
Relator code edt
-- http://id.loc.gov/vocabulary/relators/edt
710 2# - ADDED ENTRY--CORPORATE NAME
Corporate name or jurisdiction name as entry element SpringerLink (Online service)
773 0# - HOST ITEM ENTRY
Title Springer eBooks
776 08 - ADDITIONAL PHYSICAL FORM ENTRY
Display text Printed edition:
International Standard Book Number 9783319661759
776 08 - ADDITIONAL PHYSICAL FORM ENTRY
Display text Printed edition:
International Standard Book Number 9783319661773
830 #0 - SERIES ADDED ENTRY--UNIFORM TITLE
Uniform title Theoretical Computer Science and General Issues ;
Volume number/sequential designation 10466
856 40 - ELECTRONIC LOCATION AND ACCESS
Uniform Resource Identifier <a href="https://doi.org/10.1007/978-3-319-66176-6">https://doi.org/10.1007/978-3-319-66176-6</a>
912 ## -
-- ZDB-2-SCS
912 ## -
-- ZDB-2-LNC
942 ## - ADDED ENTRY ELEMENTS (KOHA)
Koha item type ЕКнига

Немає доступних примірників.